• 首页
  • 本馆介绍
  • 公告通知
  • 最新文献
  • 馆藏检索
  • 电子资源
  • 读者导购
  • 参考咨询
  • 我的图书馆
  • 登录
  • 详细信息显示
  • 放入我的书架
  • 预约/预借图书
  • 作者相关作品
  • 分类相关作品
  • 丛书相关作品
  • 出版社相关作品

书目信息

  • 表格格式
  • 工作单格式
  • 卡片格式
题名:
种猪饲养法
    
 
作者: ;北京市仪器公司种猪场 编著
分册:  
出版信息: 北京   农业出版社  1960
页数: 28页
开本: 19cm
丛书名:
单 册:
中图分类: S828
科图分类:
主题词: 饲养-种猪--方法 , 种猪-饲养--方法 , 家畜
电子资源:
ISBN:
000 00684nam0 2200253 45 981
001 0640113440
005 20060801111037.75
010    @dCNY0.09
091    @a16144.900
100    @a19960429d1960 mk y0chiy0121 ea
101 0  @achi
102    @aCN@b110000
105    @afa z 000yy
106    @ar
200 10 @a种猪饲养法@f北京市食品公司种猪场编著@Achong zhu si yang fa
210    @a北京@c农业出版社@d1960
215    @a28页@c表,图@d19cm
606    @a饲养-种猪@x方法
606    @a种猪-饲养@x方法
606 0  @a家畜
690    @aS828@v3
711 02 @a北京市仪器公司种猪场@4编著@Abei jing shi yi qi gong si chong zhu chang
801 0  @c20060801
905    @a10447@dS828@e31
    
    种猪饲养法/北京市食品公司种猪场编著.-北京:农业出版社,1960
    28页:表,图;19cm
    
    
    ISBN :CNY0.09
    
●
相关链接 在E读中查询图书 在五车中查询图书 在当当中查询图书 在豆瓣中查询图书


正题名:种猪饲养法     索取号:S828/31         预约/预借

序号 登录号 条形码 馆藏地/架位号 状态 备注
1 0439290   204392905   密集书库/ [索取号:S828/31] 在馆    
唐山师范学院图书馆 欢迎您!
大连网信软件有限公司© 版权所有